| 000 | 00924nam a2200253Ia 4500 | ||
|---|---|---|---|
| 003 | OSt | ||
| 005 | 20220923224327.0 | ||
| 006 | a|||||r|||| 00| 0 | ||
| 007 | ta | ||
| 008 | 220922b |||||||| |||| 00| 0 hin d | ||
| 024 | _a231,208 | ||
| 037 | _cTextual | ||
| 040 |
_aARTS _cARTS _bhin |
||
| 041 |
_2hin _ahin |
||
| 082 | _aO152,1:gN, N2 | ||
| 100 | _aवीरेंद्र सिंह | ||
| 245 | 0 |
_aदिक् - काल सर्जना _b सन्दर्भः आधुनिक हिन्दी कविता |
|
| 246 | _aDik - kāl sarjanā: sandarbhah ādhunik hindī kavitā | ||
| 260 |
_aजयपुर _b विवेक पब्लिशिंग हाउस _c1992 |
||
| 300 |
_a156पृ. _ccm. |
||
| 650 |
_aहिन्दी साहित्य _9156264 |
||
| 942 |
_hO152,1:gN, N2 _cTEXL _2CC |
||
| 999 |
_c370690 _d370690 |
||